[Event "IMSA Elite Mind Games (Blitz, Women)"]
[Site "?"]
[Date "2017.12.12"]
[EventDate "?"]
[Round "10.£±"]
[Result "0-1"]
[White "Tan Zhongyi"]
[Black "Anna Ushenina"]
[WhiteElo "2543"]
[BlackElo "2457"]
[PlyCount "170"]

1. c4 e5 2. g3 Nf6 3. Bg2 d5 4. cxd5 Nxd5 5. Nf3 Nc6 6. O-O
Nb6 7. b3 Be7 8. Bb2 f6 9. Nc3 O-O 10. a4 a5 11. Nb5 Be6
12. Rc1 Rc8 13. d4 e4 14. Nd2 f5 15. e3 Nb4 16. Ba3 c6 17. Nc3
Kh8 18. Bxb4 Bxb4 19. Ne2 Bf7 20. Nc4 Nd5 21. Nf4 Nxf4
22. gxf4 Bd5 23. Kh1 b5 24. Ne5 Bd6 25. Rc3 bxa4 26. bxa4 Bxe5
27. dxe5 Rb8 28. Rg1 Qe7 29. Qh5 g6 30. Qh6 Qg7 31. Qxg7+ Kxg7
32. Rc5 Rb2 33. Rxa5 Rxf2 34. Ra7+ Rf7 35. Rxf7+ Kxf7 36. Ra1
c5 37. a5 Re2 38. a6 Rxe3 39. a7 Ba8 40. Bf1 Ke7 41. Kg1 Rb3
42. Ra5 Rb7 43. Bc4 Rc7 44. Kf2 Kd8 45. Ke3 Kc8 46. Ba6+ Kd8
47. Bc4 Kc8 48. e6 Kd8 49. Ra6 Ke7 50. h4 h6 51. Ra5 Kd6
52. Ra1 Ke7 53. Ra2 Kf6 54. Ra6 Ke7 55. Kd2 Rc6 56. Ra5 Rc7
57. Kc3 Kf6 58. Ra6 Rc6 59. Ra5 Rc7 60. Kd2 g5 61. hxg5+ hxg5
62. fxg5+ Kxg5 63. Ke2 f4 64. e7 Rxe7 65. Rxc5+ Kg4 66. Rc8
Rxa7 67. Be6+ Kg5 68. Rg8+ Kf6 69. Bc4 Rc7 70. Bb3 Bb7
71. Rf8+ Ke5 72. Re8+ Kd4 73. Rd8+ Kc3 74. Be6 Re7 75. Bf5 Re5
76. Bg4 Ba6+ 77. Kf2 Ra5 78. Re8 Ra2+ 79. Kg1 Bd3 80. Bf5 Re2
81. Rd8 f3 82. Bh3 Kd2 83. Bf1 Re1 84. Rxd3+ exd3 85. Kf2
Rxf1+ 0-1

[Event "IMSA Elite Mind Games (Blitz, Women)"]
[Site "?"]
[Date "2017.12.13"]
[EventDate "?"]
[Round "13.2"]
[Result "1-0"]
[White "Kateryna Lahno"]
[Black "Anna Ushenina"]
[WhiteElo "2619"]
[BlackElo "2457"]
[PlyCount "49"]

1. e4 c5 2. Nf3 e6 3. d4 cxd4 4. Nxd4 Nc6 5. Nc3 Qc7 6. Be2 a6
7. O-O Nf6 8. Be3 d6 9. f4 Be7 10. Qe1 O-O 11. Qg3 Nxd4
12. Bxd4 b5 13. a3 Bb7 14. Kh1 Rad8 15. Bd3 Bc6 16. Rae1 Qd7
17. Bb6 Rb8 18. Be3 d5 19. exd5 Nxd5 20. Nxd5 Bxd5 21. f5 Bf6
22. fxe6 fxe6 23. Rxf6 Bxg2+ 24. Kxg2 Qb7+ 25. Rf3 1-0

[Event "IMSA Elite Mind Games (Blitz, Women)"]
[Site "?"]
[Date "2017.12.13"]
[EventDate "?"]
[Round "14.1"]
[Result "0-1"]
[White "Anna Ushenina"]
[Black "Elisabeth Paehtz"]
[WhiteElo "2457"]
[BlackElo "2467"]
[PlyCount "150"]

1. d4 d6 2. Bf4 g6 3. e4 Bg7 4. Nc3 a6 5. Qd2 b5 6. Nf3 Bb7
7. e5 Nd7 8. exd6 cxd6 9. Be2 b4 10. Nd1 Qb6 11. a3 a5
12. axb4 axb4 13. Rxa8+ Bxa8 14. Be3 Ngf6 15. O-O O-O 16. Bh6
Ne4 17. Qe3 Ndf6 18. Bxg7 Kxg7 19. Bd3 Re8 20. h3 Qc7 21. b3
e5 22. dxe5 dxe5 23. Re1 Re7 24. Nb2 Bd5 25. Bc4 Bb7 26. Nd3
Nd6 27. Nd2 Nxc4 28. Nxc4 Nd5 29. Qc5 Qxc5 30. Nxc5 f6 31. Ra1
Bc6 32. Nd6 Nf4 33. f3 Ne2+ 34. Kf2 Nd4 35. Ra6 Bd5 36. Ra2
Kh6 37. Nde4 f5 38. Nd6 Rc7 39. Nd3 Rc6 40. Nc4 Bxc4 41. bxc4
Rxc4 42. Ne1 Rc3 43. Ra5 Nxc2 44. Rxe5 Nxe1 45. Kxe1 Rc2
46. Rb5 Rxg2 47. Rxb4 Rh2 48. Kf1 Rxh3 49. Kg2 Rh5 50. Rc4 Kg7
51. Rb4 Kf6 52. Rc4 Kg5 53. Rc7 Rh4 54. Rb7 h6 55. Rb5 Rd4
56. Rb6 Rd2+ 57. Kg3 h5 58. Rc6 Rd3 59. Rb6 Rc3 60. Rd6 Ra3
61. Rc6 h4+ 62. Kg2 Kh5 63. Rc5 Rb3 64. Rd5 Rc3 65. Rb5 Re3
66. Rc5 Rb3 67. Rd5 Kg5 68. Rc5 Ra3 69. Rd5 Ra2+ 70. Kh3 Rf2
71. Rd3 Kf4 72. Rd4+ Ke5 73. Rd3 g5 74. Rb3 Rxf3+ 75. Rxf3 g4+
0-1

[Event "IMSA Elite Mind Games (Blitz, Women)"]
[Site "?"]
[Date "2017.12.13"]
[EventDate "?"]
[Round "15.5"]
[Result "1-0"]
[White "Anna Ushenina"]
[Black "Anna Muzychuk"]
[WhiteElo "2457"]
[BlackElo "2574"]
[PlyCount "51"]

1. d4 Nf6 2. Nf3 g6 3. Nbd2 d5 4. b3 Bg7 5. Bb2 O-O 6. e3 b6
7. c4 Bb7 8. Rc1 e6 9. Bd3 Nbd7 10. O-O c5 11. Qe2 cxd4
12. Bxd4 Qe7 13. Bb1 Rac8 14. cxd5 Nxd5 15. Bxg7 Kxg7 16. Nc4
Ba6 17. Rfd1 Rc7 18. e4 N5f6 19. e5 Nd5 20. Be4 Rfc8 21. Qd2
Nc5 22. Bxd5 exd5 23. Nd6 Rd8 24. Qxd5 Rcd7 25. Qd4 Bb7
26. e6+ 1-0

[Event "IMSA Elite Mind Games (Blitz, Women)"]
[Site "?"]
[Date "2017.12.13"]
[EventDate "?"]
[Round "16.6"]
[Result "1/2-1/2"]
[White "Zhao Xue"]
[Black "Anna Ushenina"]
[WhiteElo "2499"]
[BlackElo "2457"]
[PlyCount "142"]

1. c4 e5 2. Nc3 Nf6 3. Nf3 Nc6 4. a3 g6 5. b4 d6 6. g3 Bg7
7. Bg2 O-O 8. O-O Bg4 9. b5 Nd4 10. Ne1 Qc8 11. Rb1 Bh3 12. e3
Bxg2 13. Kxg2 Nf5 14. d3 h5 15. h3 Qd7 16. Nf3 Rae8 17. e4 Ne7
18. Nh4 Nh7 19. Nd5 Nxd5 20. cxd5 c6 21. bxc6 bxc6 22. Qa4 Rc8
23. Be3 Nf6 24. dxc6 Qxc6 25. Qxc6 Rxc6 26. Rb7 Ra8 27. Rfb1
Rc3 28. R1b3 Rxb3 29. Rxb3 d5 30. exd5 Nxd5 31. Bc5 a5 32. Rb5
a4 33. Bd6 Nc3 34. Rc5 Nb1 35. Rc1 Nd2 36. Nf3 Nb3 37. Rc4 f6
38. Bb4 Rd8 39. Rc3 g5 40. g4 hxg4 41. hxg4 Kf7 42. Rc7+ Kg6
43. Rc6 Kf7 44. Ne1 Bf8 45. Rc7+ Ke6 46. Rc6+ Kf7 47. Rc7+ Ke6
48. Rc6+ Kf7 49. Ra6 Bxb4 50. axb4 Nc1 51. Rxa4 Nxd3 52. Nxd3
Rxd3 53. Ra7+ Ke6 54. Ra6+ Kf7 55. Ra7+ Ke6 56. Ra6+ Kf7
57. Rb6 Rb3 58. Rb8 Ke6 59. b5 Kd5 60. Rd8+ Ke4 61. Rf8 Rxb5
62. Rxf6 Rb7 63. f3+ Ke3 64. Rf5 e4 65. fxe4 Kxe4 66. Rxg5 Kf4
67. Rg6 Rb2+ 68. Kf1 Rh2 69. Kg1 Rh4 70. Kf2 Rxg4 71. Rxg4+
Kxg4 1/2-1/2

[Event "IMSA Elite Mind Games (Blitz, Women)"]
[Site "?"]
[Date "2017.12.13"]
[EventDate "?"]
[Round "17.2"]
[Result "0-1"]
[White "Anna Ushenina"]
[Black "Dronavalli Harika"]
[WhiteElo "2457"]
[BlackElo "2537"]
[PlyCount "108"]

1. d4 d6 2. Nf3 Nf6 3. g3 g6 4. Bg2 Bg7 5. O-O O-O 6. Nc3 c6
7. e4 Qc7 8. a4 Nbd7 9. h3 e5 10. Re1 Re8 11. Bg5 h6 12. Be3
b6 13. Qd2 Kh7 14. Rad1 Bb7 15. dxe5 dxe5 16. Qe2 Rad8 17. Nd2
Nf8 18. Ncb1 Ne6 19. c3 c5 20. Na3 Bc6 21. b3 Nf4 22. Bxf4
exf4 23. g4 Nd7 24. Nab1 Ne5 25. Nc4 Rxd1 26. Rxd1 f3 27. Bxf3
Nxf3+ 28. Qxf3 Rxe4 29. Ne3 c4 30. b4 Re6 31. Qe2 Bxa4 32. Rd5
Bc6 33. Rd1 b5 34. Nd2 Qf4 35. Ndf1 Bf3 36. Qd2 Bxd1 37. Qxd1
Bxc3 38. Qd7 Bg7 39. Nd5 Qf3 40. Qxb5 c3 41. Nde3 a6 42. Qc4
Qe4 43. Qc7 Qf3 44. Nh2 Qf6 45. g5 Qxg5+ 46. Nhg4 Qe7 47. Qc4
Qd7 48. h4 Rc6 49. Qe4 c2 50. Nxc2 Qd1+ 51. Kg2 Qxc2 52. Qe7
Rc7 53. Nf6+ Bxf6 54. Qxf6 Qc6+ 0-1

[Event "IMSA Elite Mind Games (Blitz, Women)"]
[Site "?"]
[Date "2017.12.13"]
[EventDate "?"]
[Round "18.5"]
[Result "1/2-1/2"]
[White "Nana Dzagnidze"]
[Black "Anna Ushenina"]
[WhiteElo "2453"]
[BlackElo "2457"]
[PlyCount "223"]

1. Nf3 d5 2. b3 Bg4 3. Bb2 c6 4. g3 Bxf3 5. exf3 Nd7 6. f4 e6
7. Bg2 Ngf6 8. d3 Bd6 9. O-O O-O 10. Nd2 a5 11. c4 a4 12. Qc2
Qa5 13. Nf3 Ra6 14. Ne5 Rfa8 15. h3 Qb4 16. Bc3 Qb6 17. Rfe1
axb3 18. axb3 Rxa1 19. Rxa1 Rxa1+ 20. Bxa1 Nc5 21. cxd5 exd5
22. Qa2 Qxb3 23. Qa8+ Bf8 24. Bd4 Qa4 25. Qxa4 Nxa4 26. Bf3
Bb4 27. Bd1 Nc3 28. Bxc3 Bxc3 29. Kf1 Kf8 30. Nf3 Ke7 31. Ke2
b5 32. Bb3 Nd7 33. d4 f6 34. Kd3 Bb4 35. f5 Nb6 36. g4 Nc8
37. Nh4 Nd6 38. Ng2 Ne4 39. Ke2 Bc3 40. Kd3 Bb2 41. Ke3 Bc1+
42. Ke2 Kd6 43. Ne1 Bb2 44. Nc2 h6 45. f3 Ng5 46. h4 Nf7
47. Kd3 Bc1 48. Nb4 Ba3 49. Nc2 Bc1 50. Nb4 Nd8 51. Ke2 Nb7
52. Nd3 Ba3 53. Nf4 Ke7 54. Ne6 Kf7 55. h5 Bd6 56. Kd3 Be7
57. Ba2 Nd6 58. Bb3 Nc8 59. Ba2 Nb6 60. Bb3 Nd7 61. Ba2 Nb8
62. Bb3 Na6 63. Kc3 Nb8 64. Kd3 Nd7 65. Kc3 Nf8 66. Nf4 Bd6
67. Nd3 Nd7 68. Ba2 Ke7 69. Bb3 Nf8 70. Ba2 Nh7 71. Kd2 Ng5
72. Ke3 Nf7 73. Bb3 Nd8 74. Kd2 Nb7 75. Kc3 Nd8 76. Kd2 Kd7
77. Kc3 Nf7 78. Kd2 Ng5 79. Ke3 Nf7 80. Kd2 Nd8 81. Kc3 Nb7
82. Ba2 Kc7 83. Bb3 Kb6 84. Ba2 Na5 85. Bb1 Nc4 86. Ba2 Ka5
87. Bb3 Ne3 88. Kd2 Ng2 89. Kc3 Nf4 90. Nxf4 Bxf4 91. Bd1 Bg3
92. Bc2 Be1+ 93. Kb3 Bf2 94. Kc3 b4+ 95. Kd3 Kb5 96. Bb3 Bg1
97. Bd1 c5 98. dxc5 Kxc5 99. Bb3 Bh2 100. Ba2 Bc7 101. Bb3 Bb6
102. Ba2 Kd6 103. Bb3 Ke5 104. Ba2 Bc5 105. Bb3 d4 106. Ba2
Kf4 107. Bd5 b3 108. Bxb3 Kxf3 109. Bd1+ Kg3 110. Ke4 Kf2
111. Ba4 Kg3 112. Bd1 1/2-1/2

[Event "IMSA Elite Mind Games (Blitz, Women)"]
[Site "?"]
[Date "2017.12.13"]
[EventDate "?"]
[Round "19.3"]
[Result "0-1"]
[White "Anna Ushenina"]
[Black "Ju Wenjun"]
[WhiteElo "2457"]
[BlackElo "2548"]
[PlyCount "190"]

1. d4 d6 2. Nf3 Nf6 3. g3 g6 4. Bg2 Bg7 5. O-O O-O 6. c4 Nc6
7. Nc3 e5 8. dxe5 dxe5 9. Bg5 Qe8 10. Nd2 Be6 11. Bxf6 Bxf6
12. Nd5 Bd8 13. Ne4 Kg7 14. Nc5 Rb8 15. e3 f5 16. Qb3 e4
17. Qc3+ Kg8 18. Rfd1 Bxd5 19. cxd5 Bf6 20. Qb3 Na5 21. Qc2
Rf7 22. Rac1 Qb5 23. Bf1 Qxb2 24. Qa4 b6 25. Rc2 Qe5 26. Nd7
Qe8 27. Nxf6+ Rxf6 28. Qxe8+ Rxe8 29. Rxc7 Rf7 30. d6 Rd8
31. d7 Kg7 32. Bb5 Re7 33. Rxa7 Re5 34. a4 Rc5 35. Rd6 Nb3
36. Rxb6 Nd2 37. Kg2 Kh6 38. Rd6 Nf3 39. Rd1 Ne5 40. Rb7 Rc2
41. h3 Ra2 42. Rc7 Kg7 43. Rc8 Nf7 44. Rxd8 Nxd8 45. g4 Kf6
46. Rc1 Ke7 47. Kg3 Kd6 48. Rc8 Ke7 49. gxf5 gxf5 50. Ra8 Rb2
51. h4 h6 52. h5 Rb1 53. Kf4 Rb2 54. Kxf5 Rxf2+ 55. Kxe4 Rh2
56. a5 Rxh5 57. Rb8 Rh4+ 58. Kd3 Rh1 59. a6 Ra1 60. Kc3 h5
61. Kb2 Ra5 62. Be2 h4 63. Bb5 h3 64. Rb6 h2 65. Rh6 Rxb5+
66. Kc3 Kxd7 67. Rxh2 Ra5 68. Rh6 Nc6 69. a7 Nxa7 70. e4 Nc6
71. Kd3 Ra4 72. Ke3 Ne5 73. Kf4 Nd3+ 74. Ke3 Nc5 75. Rh4 Rb4
76. Rg4 Ke7 77. Rh4 Ne6 78. Rg4 Rb3+ 79. Kd2 Kd6 80. Kc2 Rh3
81. Kd2 Ke5 82. Kc2 Nf4 83. Rg5+ Kxe4 84. Rg4 Rf3 85. Rh4 Ke5
86. Kd2 Ne6 87. Kc2 Ng5 88. Rh5 Rg3 89. Kd2 Kd4 90. Rh4+ Ne4+
91. Ke2 Ra3 92. Rg4 Ra2+ 93. Kd1 Kd3 94. Kc1 Rc2+ 95. Kd1 Nf2+
0-1

[Event "IMSA Elite Mind Games (Blitz, Women)"]
[Site "?"]
[Date "2017.12.13"]
[EventDate "?"]
[Round "20.4"]
[Result "0-1"]
[White "Mariya Muzychuk"]
[Black "Anna Ushenina"]
[WhiteElo "2430"]
[BlackElo "2457"]
[PlyCount "87"]

1. e4 c5 2. Nf3 e6 3. d4 cxd4 4. Nxd4 Nc6 5. Nc3 Qc7 6. Be3
Nf6 7. f4 Bb4 8. Ndb5 Qa5 9. e5 Nd5 10. Bd2 Nxc3 11. Bxc3 O-O
12. Qd2 f6 13. exf6 Rxf6 14. g3 d5 15. Bxb4 Nxb4 16. Nd4 Qb6
17. c3 Nc6 18. O-O-O Nxd4 19. Qxd4 Qxd4 20. Rxd4 Bd7 21. Bd3
Be8 22. Re1 Rc8 23. Kd2 Rc5 24. c4 Bf7 25. b4 Rc7 26. c5 a5
27. a3 Rc8 28. Rc1 axb4 29. axb4 g5 30. b5 gxf4 31. Rxf4 Rh6
32. Rf2 e5 33. Bf5 Rc7 34. b6 Re7 35. Bc8 Be8 36. Rcf1 Bc6
37. h4 Kg7 38. Rf5 d4 39. Rg5+ Rg6 40. Rff5 e4 41. Rxg6+ Kh6
42. Rfg5+ e3+ 43. Rg4+ Bb5+ 44. Ke2+ 0-1

[Event "IMSA Elite Mind Games (Blitz, Women)"]
[Site "?"]
[Date "2017.12.13"]
[EventDate "?"]
[Round "21.4"]
[Result "1-0"]
[White "Anna Ushenina"]
[Black "Tan Zhongyi"]
[WhiteElo "2457"]
[BlackElo "2543"]
[PlyCount "95"]

1. d4 Nf6 2. Nf3 d5 3. Bf4 Bf5 4. Nh4 e6 5. Nxf5 exf5 6. e3
Bd6 7. Qf3 g6 8. Nd2 c6 9. h3 Ne4 10. O-O-O Qa5 11. Bxd6 Nxd6
12. Kb1 Nd7 13. g4 O-O-O 14. Bd3 fxg4 15. hxg4 h6 16. Qf4 Nb6
17. Nb3 Qa4 18. Rxh6 Rxh6 19. Qxh6 Nbc4 20. Qf4 b6 21. g5 Qa6
22. e4 Qb7 23. e5 Nb5 24. a4 Nc7 25. Qxf7 Qa6 26. a5 Qb5
27. Qxg6 bxa5 28. Qf5+ Kb8 29. Qf6 Rc8 30. Qe7 a4 31. Bxc4
dxc4 32. Nc1 Nd5 33. Qa3 c3 34. Nd3 Ka8 35. Ka1 Rb8 36. Rb1
Qc4 37. Qc5 cxb2+ 38. Rxb2 Qa6 39. Rxb8+ Kxb8 40. g6 Qc8
41. g7 Qg4 42. Qf8+ Kc7 43. Qd6+ Kb7 44. Nc5+ Kb6 45. Nxa4+
Kb5 46. Nb2 Qg1+ 47. Ka2 Nb4+ 48. Kb3 1-0